| 000 | 00419nam a22001337a 4500 | ||
|---|---|---|---|
| 005 | 20180723152943.0 | ||
| 020 |
_a8178813424 _cRs.300.00 (pbk) |
||
| 035 | _aB-181676, B-181678, B-181675 | ||
| 037 |
_aDPL _bENG |
||
| 245 |
_aCyber crime : _bCombat strategies / _cedited by R S Prasad |
||
| 260 |
_aNew Delhi _bICFAI University Press _c2004 |
||
| 300 |
_a203p. _c20 cms. |
||
| 942 |
_2ddc _cEN _h364.168 _mCYB |
||
| 999 |
_c67981 _d67981 |
||